[Event "IECG RN.2002.0.00014"]
[Site "IECG email"]
[Date "2002.05.28"]
[Round "?"]
[White "De Vale, Andy"]
[Black "Mugica, Emiliano"]
[Result "0-1"]
[WhiteElo "800"]
[BlackElo "800"]
[PlyCount "36"]
[EventDate "2002.05.28"]
[EventType "tourn (corr)"]
[EventRounds "6"]
[SourceTitle "Corr 2008"]
[Source "ChessBase"]
[SourceDate "2008.06.24"]
[SourceVersion "1"]
[SourceVersionDate "2008.06.24"]
[SourceQuality "1"]

1. e4 e5 2. Nf3 Nc6 3. Bb5 a6 4. Bxc6 dxc6 5. d4 Nf6 6. Qd3 exd4 7. Nxd4 Ng4 8. 0-0 Bd6 9. e5 Bxe5 10. Re1 0-0 11. Be3 c5 12. Nf3 Bxb2 13. Ng5 Qxd3 14. cxd3 Nxe3 15. Rxe3 Bxa1 16. Nd2 Bd4 17. Re7 Bf6 18. Nde4 Bxe7 0-1

[Event "IECG RN.2002.0.00014"]
[Site "IECG email"]
[Date "2002.05.28"]
[Round "?"]
[White "De Vale, Andy"]
[Black "Slavik, Petr"]
[Result "0-1"]
[WhiteElo "800"]
[BlackElo "789"]
[PlyCount "48"]
[EventDate "2002.05.28"]
[EventType "tourn (corr)"]
[EventRounds "6"]
[SourceTitle "Corr 2008"]
[Source "ChessBase"]
[SourceDate "2008.06.24"]
[SourceVersion "1"]
[SourceVersionDate "2008.06.24"]
[SourceQuality "1"]

1. e4 e5 2. Nf3 Nc6 3. Bb5 a6 4. Bxc6 dxc6 5. d4 exd4 6. Qd3 Bc5 7. 0-0 Bg4 8. Bf4 Ne7 9. c3 Bxf3 10. Qxf3 dxc3 11. Nxc3 Ng6 12. Rad1 Qe7 13. Na4 Nxf4 14. Nxc5 Qxc5 15. Qxf4 Qe7 16. Rfe1 0-0 17. e5 Rad8 18. Qg4 Rxd1 19. Qxd1 Rd8 20. Qh5 Rd2 21. f4 Qc5+ 22. Kh1 Qf2 23. Rg1 Qxf4 24. g3 Qe4+ 0-1

[Event "IECG RN.2002.0.00014"]
[Site "IECG email"]
[Date "2002.05.28"]
[Round "?"]
[White "Shines, King"]
[Black "De Vale, Andy"]
[Result "1-0"]
[WhiteElo "800"]
[BlackElo "800"]
[PlyCount "33"]
[EventDate "2002.05.28"]
[EventType "tourn (corr)"]
[EventRounds "6"]
[SourceTitle "Corr 2008"]
[Source "ChessBase"]
[SourceDate "2008.06.24"]
[SourceVersion "1"]
[SourceVersionDate "2008.06.24"]
[SourceQuality "1"]

1. e4 c5 2. c3 d6 3. d4 Nf6 4. Bd3 Nc6 5. Nf3 g6 6. 0-0 cxd4 7. cxd4 e5 8. d5 Nd4 9. Nxd4 exd4 10. Bb5+ Bd7 11. Bxd7+ Qxd7 12. Qxd4 Bg7 13. Bg5 0-0 14. Bxf6 Bxf6 15. Qxf6 Qb5 16. Nd2 Qd3 17. Qc3 1-0

[Event "IECG RN.2002.0.00014"]
[Site "IECG email"]
[Date "2002.05.28"]
[Round "?"]
[White "Stewart, Barrie"]
[Black "De Vale, Andy"]
[Result "0-1"]
[WhiteElo "571"]
[BlackElo "800"]
[PlyCount "70"]
[EventDate "2002.05.28"]
[EventType "tourn (corr)"]
[EventRounds "6"]
[SourceTitle "Corr 2008"]
[Source "ChessBase"]
[SourceDate "2008.06.24"]
[SourceVersion "1"]
[SourceVersionDate "2008.06.24"]
[SourceQuality "1"]

1. e4 e5 2. Nf3 Nc6 3. c3 Nf6 4. Bd3 d5 5. exd5 Qxd5 6. Qc2 e4 7. c4 Qxd3 8. Qxd3 exd3 9. Na3 Be6 10. Nb5 0-0-0 11. a4 Bb4 12. 0-0 Bxc4 13. Ng5 h6 14. Nf3 Rhe8 15. b3 Bxb3 16. Rb1 Na5 17. Rxb3 Nxb3 18. Bb2 Ne4 19. Bxg7 Nbxd2 20. Rd1 Ng5 21. Nxa7+ Kb8 22. Nb5 Ngxf3+ 23. gxf3 Rg8 24. Kh1 Rxg7 25. Rg1 Rxg1+ 26. Kxg1 Nxf3+ 27. Kg2 Nh4+ 28. Kg3 Be7 29. Nc3 d2 30. a5 Rd3+ 31. Kf4 Rxc3 32. a6 Ka7 33. axb7 Kxb7 34. Ke5 d1Q 35. f4 Re3# 0-1

[Event "IECG CN.2001.0.00265"]
[Site "IECG email"]
[Date "2001.10.12"]
[Round "?"]
[White "Butcher, Robert Evan Sr"]
[Black "De Vale, Andy"]
[Result "1-0"]
[WhiteElo "800"]
[BlackElo "800"]
[PlyCount "89"]
[EventDate "2001.10.12"]
[EventType "tourn (corr)"]
[EventRounds "6"]
[SourceTitle "Corr 2008"]
[Source "ChessBase"]
[SourceDate "2008.06.24"]
[SourceVersion "1"]
[SourceVersionDate "2008.06.24"]
[SourceQuality "1"]

1. e4 c5 2. Bb5 Nc6 3. Nf3 Nf6 4. Nc3 e5 5. 0-0 a6 6. Ba4 Be7 7. Re1 d5 8. d3 d4 9. Ne2 Bg4 10. Nxe5 0-0 11. Bb3 Nxe5 12. Bf4 Bd6 13. h3 Bxe2 14. Qxe2 Re8 15. a3 Ng6 16. Bg5 Bc7 17. c3 Qd6 18. g3 h6 19. Bxf6 Qxf6 20. g4 Nh4 21. Bd1 Qf4 22. f3 Nxf3+ 23. Qxf3 Re6 24. Qg2 Rae8 25. Bf3 Rf6 26. Rf1 Qe3+ 27. Kh1 Qxd3 28. cxd4 Qxd4 29. Rad1 Qe5 30. Rd5 Qh2+ 31. Qxh2 Bxh2 32. Kxh2 c4 33. e5 Rfe6 34. Re1 f6 35. Rd7 b5 36. Bd5 a5 37. Bxe6+ Rxe6 38. Rd8+ Kf7 39. h4 Ke7 40. exf6+ Kxf6 41. Rxe6+ Kxe6 42. Ra8 b4 43. Rxa5 c3 44. bxc3 b3 45. Rb5 1-0

[Event "IECG CN.2001.0.00259"]
[Site "IECG email"]
[Date "2001.08.31"]
[Round "?"]
[White "Colard, Eric"]
[Black "De Vale, Andy"]
[Result "1-0"]
[WhiteElo "738"]
[BlackElo "800"]
[PlyCount "57"]
[EventDate "2001.08.31"]
[EventType "tourn (corr)"]
[EventRounds "6"]
[SourceTitle "Corr 2008"]
[Source "ChessBase"]
[SourceDate "2008.06.24"]
[SourceVersion "1"]
[SourceVersionDate "2008.06.24"]
[SourceQuality "1"]

1. d4 Nf6 2. Nf3 d5 3. c4 Nc6 4. Nc3 b6 5. Bg5 e6 6. e3 h6 7. Bh4 Bb7 8. Rc1 g5 9. Bg3 Qd7 10. cxd5 exd5 11. Bd3 0-0-0 12. Qc2 Bd6 13. Bf5 Ne4 14. Bxd7+ Rxd7 15. Nxe4 dxe4 16. Nd2 Nb4 17. Qb3 f5 18. Bxd6 Rxd6 19. Qxb4 Rc6 20. Ke2 Ba6+ 21. Nc4 b5 22. Ne5 Rxc1 23. Rxc1 Kb7 24. Qe7 b4+ 25. Ke1 Rc8 26. Qxb4+ Ka8 27. Nd7 Rd8 28. Rxc7 Rxd7 29. Qf8+ 1-0

[Event "IECG CN.2001.0.00259"]
[Site "IECG email"]
[Date "2001.08.31"]
[Round "?"]
[White "De Vale, Andy"]
[Black "Laceur, Jan"]
[Result "0-1"]
[WhiteElo "800"]
[BlackElo "702"]
[PlyCount "62"]
[EventDate "2001.08.31"]
[EventType "tourn (corr)"]
[EventRounds "6"]
[SourceTitle "Corr 2008"]
[Source "ChessBase"]
[SourceDate "2008.06.24"]
[SourceVersion "1"]
[SourceVersionDate "2008.06.24"]
[SourceQuality "1"]

1. e4 e5 2. Nf3 Nc6 3. d4 d6 4. d5 Nce7 5. Nc3 g6 6. Qe2 Bg7 7. Be3 Nf6 8. Qb5+ c6 9. Qd3 cxd5 10. exd5 Bf5 11. Qd2 Ne4 12. Bb5+ Kf8 13. Qd3 a6 14. Ba4 Nxf2 15. Kxf2 Bxd3 16. cxd3 b5 17. Bc2 Nf5 18. Rhe1 Nxe3 19. Rxe3 f5 20. g3 Kf7 21. d4 exd4 22. Nxd4 Bxd4 23. Rae1 Bxe3+ 24. Rxe3 Re8 25. Re2 Rxe2+ 26. Nxe2 Qb6+ 27. Kf1 Qc5 28. Nc3 Qe3 29. Kg2 Rc8 30. Bd1 Qd2+ 31. Ne2 Qxd1 0-1

[Event "IECG CN.2001.0.00259"]
[Site "IECG email"]
[Date "2001.08.31"]
[Round "?"]
[White "Soule, Larry P"]
[Black "De Vale, Andy"]
[Result "1-0"]
[WhiteElo "785"]
[BlackElo "800"]
[PlyCount "59"]
[EventDate "2001.08.31"]
[EventType "tourn (corr)"]
[EventRounds "6"]
[SourceTitle "Corr 2008"]
[Source "ChessBase"]
[SourceDate "2008.06.24"]
[SourceVersion "1"]
[SourceVersionDate "2008.06.24"]
[SourceQuality "1"]

1. d4 Nf6 2. Nf3 d5 3. e3 c6 4. Bd3 g6 5. Nbd2 Bf5 6. Qe2 Bg7 7. c4 Bxd3 8. Qxd3 dxc4 9. Nxc4 0-0 10. 0-0 Nbd7 11. b3 Re8 12. Bb2 Rc8 13. a4 c5 14. d5 e5 15. e4 Nb6 16. Bxe5 Nfd7 17. Bxg7 Kxg7 18. Nd6 Ne5 19. Nxe5 Rxe5 20. Nxc8 Qxc8 21. Qc3 f6 22. a5 Nd7 23. f3 f5 24. f4 Nf6 25. Qxe5 Qe8 26. Qxe8 Nxe8 27. Rad1 fxe4 28. d6 Nxd6 29. Rxd6 Kh6 30. f5 1-0